Uygarlığın seyir defteri : (Kayıt no. 13813)

MARC ayrıntıları
000 -BAŞLIK
Sabit Uzunlukta Kontrol Alanı 00642nam a22002177a 4500
999 ## - SİSTEM KONTROL NUMARALARI (KOHA)
Koha Biblionumber 13813
Koha Biblioitemnumber 13813
003 - KONTROL NUMARASI IDENTIFIER
Denetim Alanı MIRAKIL
005 - SON İŞLEM TARİHİ VE ZAMANI
Denetim Alanı 20200310141259.0
008 - SABİT-BOY VERİ ELEMANLARI - GENEL BİLGİLER
Sabit Uzunlukta Kontrol Alanı 200310b tu ||||| |||| 00| 0 tur d
020 ## - ULUSLARARASI STANDART KİTAP NUMARASI
Uluslararası Standart Kitap Numarası 9755090800
040 ## - KATALOGLAMA KAYNAK
Orijinal Kataloglama Ajansı TR-AnCHP
Metne Dönüştürmek Ajansı TR-AnCHP
041 ## - DİL KODU
Metin / Ses Parça Veya Ayrı Başlığın Dil Kodu tur
082 ## - DEWEY ONLU SINIFLANDIRMA NUMARASI
Sınıflandırma Numarası 930.1
Ürün Numarası T85u 1996
100 ## - ANA GİRİŞ - KİŞİSEL İSİM
Kişisel Ad Tuncay, Çağlar
245 10 - BAŞLIK TABLOSU
Başlık Uygarlığın seyir defteri :
Başlığın Kalan uygarlık tarihi: başlangıçtan 20. yüzyıla /
Sorumluluk Tablosu, Vb Çağlar Tuncay.
250 ## - EDITION TABLOSU
Baskı Beyanı 2 bs.
260 ## - YAYIN, DAĞITIM, VB
Yayın, Dağıtım, Vb Yeri Ankara:
Yayıncı, Dağıtıcı, Vs Adı Arkadaş Yayınevi,
Yayın, Dağıtım, Vb Tarihi 1996.
300 ## - FİZİKSEL TANIM
Kapsam 293 s.:
Boyutlar 20 sm.
504 ## - KAYNAKÇA VB NOT
Kaynakça Vb Notu Bibliyografik bilgi içermektedir.
650 #0 - KONU KATMA GİRİŞ - TOPİKAL DÖNEM
9 (RLIN) 6310
Topikal Süreli Veya Coğrafi Ad Giriş Elemanı Uygarlık Tarihi
942 ## - EKLENDİ GİRİŞ ELEMANLARI (KOHA)
Sınıflandırma Veya Raf Düzeni Kaynak Dewey Decimal Classification
Koha Öğesi Türü Kitaplar
Mevcut
Kalıcı Konum Mevcut Konum Edinme Tarihi Toplam Check-Out'Lar Tam Çağrı Numarası Barkod Tarih Son Görülme İtibaren Geçerli Fiyatlar Koha Öğesi Türü
CHP Kütüphanesi CHP Kütüphanesi 03/10/2020   930.1 T85u 1996 017489 03/10/2020 03/10/2020 Kitaplar